First Level Subdivisions of China by Year - Statistics

General Stats
  • This quiz has been taken 19 times
    18 since last reset
  • The average score is 62 of 111
Answer Stats
Year Answer % Correct
1912 | 1950 | 2023 Inner Mongolia
86%
1912 | 1950 | 2023 Tibet
86%
1912 | 1950 | 2023 Fujian
79%
1912 | 1950 | 2023 Gansu
79%
2023 Hainan
79%
1950 | 2023 Hebei
79%
1912 | 1950 | 2023 Heilongjiang
79%
1912 | 1950 | 2023 Henan
79%
1912 | 1950 | 2023 Qinghai
79%
1950 | 2023 Tianjin
79%
1912 | 1950 | 2023 Xinjiang
79%
1912 | 2023 Anhui
71%
1950 | 2023 Beijing
71%
1912 | 1950 | 2023 Guangdong
71%
1912 | 1950 | 2023 Guangxi
71%
1912 | 1950 | 2023 Hubei
71%
1912 | 1950 | 2023 Hunan
71%
1912 | 2023 Jiangsu
71%
1912 | 1950 | 2023 Shaanxi
71%
1950 | 2023 Shanghai
71%
1912 | 1950 | 2023 Shanxi
71%
2023 Hong Kong
64%
1912 | 1950 | 2023 Jiangxi
64%
1912 | 1950 | 2023 Jilin
64%
2023 Macau
64%
1950 | 2023 Ningxia
64%
1912 | 1950 Yunnan
64%
1950 | 2023 Chongqing
57%
1912 | 1950 | 2023 Guizhou
57%
1912 | 2023 Sichuan
57%
1912 | 1950 | 2023 Zhejiang
57%
1912 Zhili
57%
2023 Liaoning
50%
1912 | 1950 | 2023 Shandong
50%
2023 Yunnnan
50%
1950 Guangzhou
36%
1950 Nanjing
29%
1912 Outer Mongolia
29%
1950 Xian
21%
1950 Xikang
21%
1950 Chamdo
14%
1950 Chuanbei
14%
1950 Chuandong
14%
1950 Chuannan
14%
1950 Chuanxi
14%
1950 Dalian
14%
1950 Hankou
14%
1950 Pingyuan
14%
1950 Rehe
14%
1950 Songjiang
14%
1950 Suiyuan
14%
1950 Wanbei
14%
1950 Wannan
14%
1950 Anshan
7%
1950 Benxi
7%
1950 Fushun
7%
1950 Liaodong
7%
1912 Shengjing
7%
1950 Shenyang
7%
1950 Subei
7%
1950 Sunan
7%
1950 Liaoxi
0%
1950 Qahar
0%
No matching quizzes found
Score Distribution
Percent of People with Each Score
Percentile by Number Answered
Your Score History
You have not taken this quiz since the last reset